Human Behaviour (Record no. 166133)
[ view plain ]
| 000 -LEADER | |
|---|---|
| fixed length control field | 00449nam a22001577a 4500 |
| 008 - FIXED-LENGTH DATA ELEMENTS--GENERAL INFORMATION | |
| fixed length control field | 190715b ||||| |||| 00| 0 eng d |
| 020 ## - INTERNATIONAL STANDARD BOOK NUMBER | |
| International Standard Book Number | 81-237-2121-8 |
| 040 ## - CATALOGING SOURCE | |
| Original cataloging agency | DPL |
| Language of cataloging | English |
| 050 ## - LIBRARY OF CONGRESS CALL NUMBER | |
| DPL Classification number | 150.1943 PAN |
| 082 ## - DEWEY DECIMAL CLASSIFICATION NUMBER | |
| Classification number | 150.1943 PAN |
| 100 ## - MAIN ENTRY--PERSONAL NAME | |
| Personal name | Pandya, Sunil K. |
| 245 ## - TITLE STATEMENT | |
| Title | Human Behaviour |
| Statement of responsibility, etc | Sunil K. Pandya |
| 260 ## - PUBLICATION, DISTRIBUTION, ETC. (IMPRINT) | |
| Place of publication, distribution, etc | New Delhi |
| Name of publisher, distributor, etc | National Book Trust |
| 300 ## - PHYSICAL DESCRIPTION | |
| Extent | IX, 227 |
| Dimensions | 22 cm. |
| 942 ## - ADDED ENTRY ELEMENTS (KOHA) | |
| Source of classification or shelving scheme | Dewey Decimal Classification |
| Item type | English Books |
| Classification part | 150.1943 |
| Call number prefix | PAN |
| Withdrawn status | Lost status | Source of classification or shelving scheme | Damaged status | Not for loan | Collection code | Home library | Current library | Date acquired | Source of acquisition | Cost, normal purchase price | Total Checkouts | Full call number | Barcode | Date last seen | Cost, replacement price | Koha item type |
|---|---|---|---|---|---|---|---|---|---|---|---|---|---|---|---|---|
| Dewey Decimal Classification | Non-fiction | Kadipur | Kadipur | 15/07/2019 | BPPD/PUB | 52.00 | 150.1943 PAN | A-943552 | 15/07/2019 | 52.00 | English Books |
